000 00806nam a22002417a 4500
003 UA-OsUOA
001 97376
007 ta
008 20130329b un ||||| |||| 00| 0 ukr d
100 _aШепета О. В.
090 _a340.134:004.7
_bШ48
942 _cBK
040 _aUA-OsUOA
_bukr
_cUA-OsUOA
_dUA-OsUOA
245 _aАдміністративно-правові засади технічного захисту інформації
_bмонографія
300 _a196 с.
955 _a1
041 _aukr
080 _a340.134:004.7
020 _a978-966-2439-38-0
260 _aК.
_bФОП О.С.Ліпкан
_c2012
650 7 _a340 Право в цілому. Пропедевтика. Методи та допоміжні правничі науки
_2UDC
999 _c383615
_d383615